|
|
|
แสดงรายละเอียดบรรณานุกรม |
|
|
Brief Record
: Get Marc (ISO 2709)
: E-mail record
: |
| LEADER : 00000nam 2200000uu 4500 | |||
| 001 13399129188 | |||
| 003 ULIB | |||
| 008 020711s2564 th a 000 0 tha d | |||
| 020 9786160451814 | |||
| 060 QS4 ป553ก | |||
| 110 ปาร์รามอง | |||
| 245 กายวิภาคศาสตร์และสรีรวิทยา ฉบับปรับปรุง = Anatomy physiology | |||
| 250 พิมพ์ครั้งที่ 7 | |||
| 260 กรุงเทพฯ :^bนานมีบุ๊คส์,^c2568 | |||
| 300 196 หน้า;^b30 ซม. ซม. | |||
| 650 Anatomy physiology^xส่วนประกอบของร่างกายมนุษย์^yระบบกระดูกเเละกล้ามเนื้อ^zชีวิต | |||
| 710 Parramon. | |||
| 710 ภุชงค์ เดชอาคม, ผู้แปล | |||
| 999 ^aกัณชพร | |||
| คุณยังไม่ได้ล็อกอิน คุณสามารถมีกิจกรรมร่วมกับเว็บไซต์ได้ แต่ต้องล็อกอินก่อน :: |
|
รายการสื่อสารสนเทศ |
| สถานะ | |||||
| 1. | วิทยาศาสตร์การแพทย์ และสุขภาพ | QS4 ป553ก ฉ.1 Barcode: 30591 | ►หนังสือทั่วไป:l:General Books | บนชั้น | |
| 2. | วิทยาศาสตร์การแพทย์ และสุขภาพ | QS4 ป553ก ฉ.2 Barcode: 30592 | ►หนังสือทั่วไป:l:General Books | บนชั้น | |
| 3. | วิทยาศาสตร์การแพทย์ และสุขภาพ | QS4 ป553ก ฉ.3 Barcode: 30593 | ►หนังสือทั่วไป:l:General Books | บนชั้น | |
| 4. | วิทยาศาสตร์การแพทย์ และสุขภาพ | QS4 ป553ก ฉ.4 Barcode: 30594 | ►หนังสือทั่วไป:l:General Books | บนชั้น | |
| 5. | วิทยาศาสตร์การแพทย์ และสุขภาพ | QS4 ป553ก ฉ.5 Barcode: 30595 | ►หนังสือทั่วไป:l:General Books | บนชั้น | |
BibComment |
| คอมเมนท์ทรัพยากรรายการนี้ |
|
| |
Copyright 2026. Bcnsprnw @Library |
|